| 000 | 01352nam a22003617a 4500 | ||
|---|---|---|---|
| 003 | CHAP | ||
| 005 | 20220329142309.0 | ||
| 008 | 000523d1999 mx r 00110 spa d | ||
| 010 | _a81228 | ||
| 011 | _a82200 | ||
| 035 | _a92688 | ||
| 040 | _cCHAP | ||
| 090 | _aTesis | ||
| 100 | 0 | 0 |
_aGuzmán Alvarado, Alexei Vladimir. _951913 |
| 245 | 1 | 0 |
_aCostos de producción y comercialización de durazno en el CADER de San Martín Texmelucan, Puebla _c/por Alexei Vladimir Guzmán Alvarado y Andrés Sánchez Chino |
| 260 |
_aChapingo, Méx. : _bEl autor, _c1999. |
||
| 300 | _a66 h. | ||
| 502 | _aTesis (Ing. Agr. Esp. en Economía Agrícola) -- UACH. División de Ciencias Económico Administrativas | ||
| 590 |
_aALEPH _b10 _c20130110 _lUCH01 _h1435 |
||
| 590 |
_aBATCH-UPD _b10 _c20130110 _lUCH01 _h0418 |
||
| 590 |
_aBATCH-UPD _b10 _c20130410 _lUCH01 _h0052 |
||
| 590 |
_aBATCH-UPD _b10 _c20130410 _lUCH01 _h1550 |
||
| 590 |
_aBATCH-UPD _b10 _c20130914 _lUCH01 _h1224 |
||
| 590 |
_aCONVERSION _b10 _c20130109 _lUCH01 _h1345 |
||
| 650 | 1 | 4 |
_aDurazno _xCostos de producción. _934585 |
| 650 | 1 | 4 |
_aDurazno _xPuebla. _934624 |
| 700 | 0 |
_aSánchez Chino, Andrés. _9107420 |
|
| 901 | _aBK | ||
| 905 | _aAlejandra Carrasco M. | ||
| 942 | _cFOLL | ||
| 949 |
_bBC _cTES _d33724000781209 _eTS2 _fc.2 _h36342 _i92688 _si |
||
| 949 |
_bBC _cTES _d926881 _eTS1 _h36341 _i92688 _sb |
||
| 999 |
_c81228 _d81228 |
||